000 01231naa a2200289 c 4500
001 42231
003 ES-MaCES
005 20250207040010.0
008 111025n2011 sp t 000 | spa d
035 _aCES20110011237v
040 _aES-MaCES
_bspa
_cES-MaCES
100 1 _aGorelli Hernández, Juan
_913963
245 1 0 _aNegociación colectiva del personal laboral al servicio de AA. PP.(Comentario a la sentencia nº316-AS 2011, de 18 de enero de 2011, del STSJ País Vasco)
_b: la reducción del salario pactado a través de modificación de la Ley de Presupuestos
_cJuan Gorelli Hernández
650 4 _asentencia judicial
_929888
650 4 _atribunal supremo
_929919
650 4 _alegislación del trabajo
_927166
650 4 _aflexibilidad del trabajo
_930174
650 4 _aempleado de servicio público
_927229
650 4 _adisminución salarial
_929847
650 4 _acontrato de trabajo de duración determinada
_930650
650 4 _aconvenio colectivo
_928361
653 1 0 _aJurisprudencia
773 0 _tAranzadi social
_gn. 4 (jul. 2011){10650 R. 080021}; p. 105-117
_w(ES-MaCES)25655
_967540
902 _aART Artículo de revista
942 _2CES
_cAR
_h6.2.
999 _c42231
_d42231